Účtovanie odvodov u konateľov, spoločníkov, členov štatutárnych orgánov a iných orgánov poberajúcich odmenu za výkon funkcie

Účtovanie a výpočet povinného sociálneho a zdravotného poistenia u konateľov, spoločníkov, členov štatutárnych orgánov a iných orgánov poberajúcich odmenu za výkon funkcie.

Saved in:
Bibliographic Details
Main Author: Pakšiová, Renáta, 1974-
Format: Book Chapter
Language:Slovak
Subjects:
Tags: Add Tag
No Tags, Be the first to tag this record!

MARC

LEADER 00000naa a2200000 4500
001 0229710
005 20240502073759.2
041 0 |a slo 
044 |a SK 
245 1 0 |a Účtovanie odvodov u konateľov, spoločníkov, členov štatutárnych orgánov a iných orgánov poberajúcich odmenu za výkon funkcie  |c Renáta Pakšiová 
520 |a Účtovanie a výpočet povinného sociálneho a zdravotného poistenia u konateľov, spoločníkov, členov štatutárnych orgánov a iných orgánov poberajúcich odmenu za výkon funkcie. 
610 2 0 |a účtovanie 
610 2 0 |a odvody 
610 2 0 |a poistenie sociálne 
610 2 0 |a poistenie zdravotné 
610 2 0 |a osoby fyzické 
100 1 |a Pakšiová, Renáta, 1974-